000 00318nam a2200121Ia 4500
008 190216s9999||||xx |||||||||||||| ||und||
100 _a"Timy Katyal, Satake M & Rajkumar"
245 0 _aEnvironmental Pollution
260 _bAnmol Publications
_c1996
300 _a302p
650 _aChemistry-Chemistry
942 _cBK
999 _c2772
_d2772